| 000 | 00693nam a2200181 a 4500 | ||
|---|---|---|---|
| 001 | 000030167 | ||
| 003 | DO-SdBNP | ||
| 005 | 20240318100640.0 | ||
| 008 | 110503s2006 dr ad 000 0 spa d | ||
| 040 |
_aDO-SdBNP _bspa _cBNPHU |
||
| 082 |
_axxx _bE82 |
||
| 245 | 0 | 0 |
_aEstudio sobre oferta y demanda del nivel inicial : _b(SEE, PUCMM/CESDEM) / _celaborado Nelson Ramírez Madera ; presentación Alejandrina Germán Mejía. |
| 260 |
_aSanto Domingo : _bSEE : _bPUCMM : _bCentro de Estudios Sociales y Demográficos (CESDEM), _c2006. |
||
| 300 |
_a145 p. : _bil., diagrs. ; _c27 cm. |
||
| 700 | 1 |
_aRamírez Madera, Nelson _950435 |
|
| 700 | 1 |
_aGermán Mejía, Alejandrina _936556 |
|
| 942 |
_2ddc _cLBS1 |
||
| 999 |
_c29659 _d29659 |
||